000 00509nam a2200205 i 4500
001 C2-0306268
003 PPAK
005 20180728091745.0
008 101001s xx |||| ||||| | may d
040 _aPPAK
_beng
_cPPAK
_erda
082 0 4 _a899.23
_223
090 0 0 _a899.23
_bUNI
_dKIH
245 0 0 _aUniversiti malaya
_bDiskusi sastera
300 _c20 cm
336 _2rdacontent
_atext
337 _2rdamedia
_aunmediated
338 _2rdacarrier
_avolume
650 1 0 _aMalay literaure
942 _ddc
_cB
999 _c109187
_d109187